ULTIMATE Guess KPOP idols 2025 - Statistics

General Stats
  • This quiz has been taken 134 times
    120 since last reset
  • The average score is 121 of 201
Answer Stats
Hint Answer % Correct
STAYC j
99%
SEVENTEEN jun
96%
BTS jungkook
96%
BTS jhope
95%
BTS jimin
95%
BTS jin
95%
BTS rm
95%
BTS suga
95%
BTS taehyung
95%
STRAYKIDS i.n
85%
BLACKPINK jennie
84%
BLACKPINK jisoo
84%
BLACKPINK lisa
84%
BLACKPINK rose
84%
STRAYKIDS han
82%
LESSERAFIM sakura
82%
ATEEZ san
82%
SEVENTEEN scoups
82%
SEVENTEEN hoshi
81%
SEVENTEEN dk
80%
AESPA karina
80%
LESSERAFIM kazuha
79%
TWICE nayeon
79%
LESSERAFIM chaewon
78%
LESSERAFIM eunchae
78%
AESPA giselle
78%
TWICE momo
78%
AESPA winter
78%
ITZY yeji
78%
ITZY yuna
78%
LESSERAFIM yunjin
78%
TWICE jihyo
76%
SEVENTEEN joshua
76%
EXO kai
76%
ITZY lia
76%
NMIXX lily
76%
TWICE mina
76%
ENHYPEN niki
76%
SEVENTEEN dino
75%
AESPA ningning
75%
TWICE sana
75%
SEVENTEEN the8
75%
TWICE tzuyu
75%
IVE wonyoung
75%
TWICE chaeyoung
74%
EXO chen
74%
TWICE dahyun
74%
NJZ danielle
74%
NJZ hanni
74%
ENHYPEN jake
74%
ENHYPEN jay
74%
TXT soobin
74%
TXT yeonjun
74%
STRAYKIDS chan
73%
STRAYKIDS felix
73%
TXT huening kai
73%
SEVENTEEN mingyu
73%
TXT beomgyu
72%
IVE gaeul
72%
TWICE jeongyeon
72%
IVE liz
72%
NJZ minji
72%
SEVENTEEN seungkwan
72%
SEVENTEEN vernon
72%
NMIXX bae
71%
KATSEYE daniella
71%
RED VELVET irene
71%
ITZY ryujin
71%
RED VELVET seulgi
71%
RED VELVET wendy
71%
ILLIT wonhee
71%
SEVENTEEN wonwoo
71%
ITZY chaeryeong
69%
STRAYKIDS changbin
69%
STRAYKIDS hyunjin
69%
SEVENTEEN jeonghan
69%
ENHYPEN jungwon
69%
KATSEYE manon
69%
(G)-IDLE minnie
69%
IVE rei
69%
ENHYPEN sunghoon
69%
ENHYPEN sunoo
69%
TXT taehyun
69%
STAYC yoon
69%
(G)-IDLE yuqi
69%
NJZ haerin
68%
RED VELVET joy
68%
STRAYKIDS lee know
68%
ILLIT moka
68%
STRAYKIDS seungmin
68%
(G)-IDLE soyeon
68%
NJZ hyein
67%
KATSEYE lara
67%
NMIXX sullyoon
67%
IVE | KEP1ER yujin
67%
BABYMONSTER ahyeon
66%
IVE leeseo
66%
ILLIT minju
66%
ILLIT iroha
65%
KATSEYE megan
65%
RED VELVET yeri
65%
KATSEYE yoonchae
65%
GOT7 | NCT mark
64%
(G)-IDLE shuhua
64%
KATSEYE sophia
64%
BABYMONSTER chiquita
62%
(G)-IDLE miyeon
62%
BABYMONSTER pharita
62%
BABYMONSTER rami
62%
BABYMONSTER asa
61%
P1HARMONY keeho
61%
ILLIT yunah
61%
BABYMONSTER rora
60%
NMIXX haewon
59%
GOT7 jackson
58%
BABYMONSTER ruka
58%
GOT7 bambam
56%
ENHYPEN heesung
55%
NMIXX kyujin
55%
ATEEZ mingi
55%
SHINEE taemin
55%
EXO do
54%
NMIXX jiwoo
54%
ASTRO eunwoo
53%
SHINEE minho
53%
ASTRO moonbin
53%
(G)-IDLE soojin
53%
ATEEZ wooyoung
53%
SHINEE key
52%
ATEEZ seonghwa
52%
P1HARMONY soul
52%
ATEEZ yunho
52%
ATEEZ hongjoong
51%
P1HARMONY theo
51%
ATEEZ yeosang
51%
NCT johnny
49%
ATEEZ jongho
48%
EXO baekhyun
47%
RIIZE wonbin
47%
KEP1ER xiaoting
47%
NCT haechan
46%
P1HARMONY intak
45%
SHINEE jonghyun
45%
NCT jungwoo
45%
RIIZE shotaro
45%
EXO suho
45%
STAYC isa
44%
SHINEE onew
44%
NCT ten
44%
RIIZE Anton
42%
KEP1ER bahiyyih
42%
EXO chanyeol
42%
NCT renjun
42%
EXO sehun
42%
NCT taeyong
42%
NCT winwin
42%
NCT yuta
42%
NCT jaehyun
41%
P1HARMONY jongseob
41%
STAYC seeun
41%
STAYC sieun
41%
RIIZE sohee
41%
NCT chenle
40%
NCT jaemin
40%
ASTRO jinjin
40%
NCT jisung
40%
P1HARMONY jiung
40%
NCT doyoung
39%
EXO lay
39%
RIIZE seunghan
39%
RIIZE sungchan
39%
NCT xiaojun
39%
NCT jeno
38%
EXO xiumin
38%
NCT yangyang
38%
KEP1ER hikaru
36%
GOT7 jinyoung
35%
NCT kun
35%
ASTRO sanha
35%
STAYC sumin
35%
RIIZE eunseok
34%
GOT7 jb
34%
KEP1ER mashiro
34%
GOT7 yugyeom
34%
NCT hendery
33%
NCT lucas
33%
ASTRO rocky
33%
GFRIEND sinb
33%
GFRIEND umji
33%
GFRIEND eunha
32%
KEP1ER chaehyun
29%
GOT7 youngjae
29%
GFRIEND yuju
28%
KEP1ER dayeon
27%
KEP1ER yeseo
27%
GFRIEND sowon
24%
GFRIEND yerin
24%
KEP1ER youngeun
24%
SEVENTEEN woozy
16%
No matching quizzes found
Score Distribution
Percent of People with Each Score
Percentile by Number Answered
Your Score History
You have not taken this quiz since the last reset